Clic La route Napoléon - Le vol de l'Aigle 1815 - Statistiques

Statistiques générales
  • Ce quiz a été pris 10 fois
  • Le résultat moyen est 5 sur 36
Statistiques - réponses
Hint Extra Hint Réponse % Correct
Alors bourg de 3500 habitants, ce lieu est atteint à la tombée de la nuit le 1er jour. Var Cannes
75%
Plage déserte où ne se trouvent en 1815 que quelques cabanes de pêcheurs mais lieu du 1er bivouac de l'Empereur remettant le pied sur le sol de France Var Golfe-Juan
63%
A midi, Napoléon entre dans la préfecture du département. Il y déjeune et reprend la route en début d'après-midi. Alpes-de-Haute-Provence Digne-les-Bains
50%
Enfin, à 11 heures du soir, l'empereur arrive dans le chef-lieu des Hautes-Alpes. Il y dine et y rédige un message aux habitants des départements traversés. Hautes-Alpes Gap
50%
Enfin, à la tombée de la nuit, la troupe arrive dans le chef-lieu de l'Isère. Il y fait une entrée triomphale, les troupes de la place s'étant ralliées aux siennes. C'est la dernière étape de la route Napoléon. Isère Grenoble
50%
1ère vraie ville qui se trouve sur le chemin de Napoléon. Il y arrive vers midi le 2e jour et apprend une mauvaise nouvelle, la route qu'il comptait emprunter n'existe pas. Il va falloir passer par les sentiers de montagne. Var Grasse
38%
Le 3 mars au matin, après avoir passé le col de Luens, la troupe arrive dans une sous-préfecture de ce qui est alors le département des Basses-Alpes. L'empereur déjeune à la sous-préfecture pendant qu'on achète au marché des chevaux et des mulets. Alpes-de-Haute-Provence Castellane
25%
La halte espérée se fait dans cette commune au nom alléchant mais elle est courte Hautes-Alpes La Saulce
25%
Peu après, la troupe grossie, passe devant un des lieux emblématiques de la révolution sans cependant s'arrêter dans la ville Isère Vizille
25%
A 6 heures du soir le 2e jour, l'empereur est dans le village natal d'un de ses anciens compagnons d'armes, le général Mireur tué en Egypte, il rend visite à la mère de celui-ci Var Escragnolles
13%
C'est finalement dans une prairie, à quelques centaines de mètres de ce village que Napoléon se trouve face à un bataillon du 5e Régiment d'Infanterie de Ligne qui se rallie Isère Laffrey
13%
Au matin du 7 mars, une halte est observée pendant 2 heures dans ce bourg du plateau Matheysin Isère La Mure
13%
Le lendemain dimanche, le départ se fait tôt. Les soldats arrivent vite dans ce village de 600 habitants qu'ils ne font que traverser malgré son nom tentant. Alpes-de-Haute-Provence L'Escale
13%
Ce village est rapidement traversé le 2e jour. Il porte de nos jours un nom plus long qu'à l'époque de Napoléon Var Mouans-Sartoux
13%
La troupe a quitté le littoral pour se diriger vers le nord. Ce village est traversé dans la matinée du 2 mars, le 2e jour. Var Mougins
13%
Parti à deux heures de la commune précédente, la troupe longe une rivière et passe près du siège d'un ancien évêché. Alpes-de-Haute-Provence Senez
13%
Un peu avant midi, l'empereur atteint une petite ville, évêché jusqu'en 1790 et dotée d'une belle forteresse. Alpes-de-Haute-Provence Sisteron
13%
Cinq kilomètres plus loin, à 8 heures du soir, Napoléon est accueilli avec enthousiasme par la population. Alpes-de-Haute-Provence Barrême
0%
Sur le territoire d'un autre village situé sur un plateau dominant Grenoble, Napoléon reçoit le renfort du 7e Régiment d'Infanterie de Ligne. Il nomme son colonel général. Isère Brié
0%
L'empereur passe ensuite par Aubessagne qui de nos jours porte le nom du hameau qu'il a traversé Hautes-Alpes Chauffayer
0%
Après l'entrée dans un nouveau département, il faut installer le bivouac en face du massif de l'Obiou dans ce bourg de 1000 habitants Isère Corps
0%
Dans le village suivant, Napoléon prend un bain de pieds dans un chaudron en cuivre ! Isère Eybens
0%
La marche reprend le 4 mars à 6 heures. Le petit groupe grimpe le col du Corobin et fait une courte dans ce hameau Alpes-de-Haute-Provence La Clappe
0%
Le 6 mars, la troupe se repose toute la matinée. En début d'après-midi, elle passe le col Bayard avant de traverser ce village. Hautes-Alpes Laye
0%
Le repas rapidement avalé, Napoléon poursuit sa route à travers les villages qui jalonnent la route. Il est remarqué dans celui-ci. Hautes-Alpes Le Poët
0%
La troupe suit la Bléone jusqu'à un petit village de moins de 500 habitants mais qui possède un château qu'a réquisitionné Cambronne envoyé en avant-garde. On y fait la pause pour la nuit. Alpes-de-Haute-Provence Malijai
0%
Et encore ce village au nom un peu long... Hautes-Alpes Monêtier-Allemont
0%
Des bruits courent qu'un régiment royaliste pourrait empêcher la troupe de passer ce village de 700 habitants mais elle ne fait aucune rencontre Isère Pierre-Châtel
0%
La troupe atteint ensuite ce hameau d'Upaix. Hautes-Alpes Rourebeau
0%
Au lieudit Les Barraques près de ce village, la troupe fait halte. Hautes-Alpes Saint-Bonnet-en-Champsaur
0%
Arrivée à l'entrée de la vallée de Valgaudemar, Napoléon passe par cette commune créée en 1791 par la fusion de 5 paroisses Hautes-Alpes Saint-Firmin
0%
Tout se passe bien aussi au hameau de Pétichet dans la commune de... Isère Saint-Théoffrey
0%
Après le passage du col du Pilon, le groupe fait une courte halte dans cette commune et y acquiert quelques mulets Var Saint-Vallier-de-Thiey
0%
Après une courte halte en fin d'après-midi, la marche se poursuit pour franchr le col de Valferrière sous la neige. La commune suivante est atteinte à 10 heures du soir. Napoléon dort tout habillé dans le château local. Var Séranon
0%
Les Elbois traversent ce dernier village blotti au pied de son château alors que la nuit est tombée. Hautes-Alpes Tallard
0%
C'est dans le bourg suivant, de plus de 1000 habitants, que se fait une halte Alpes-de-Haute-Provence Volonne
0%
Aucun quiz correspondant
Distribution des résultats
% des personnes avec chaque résultat
Percentile par nombre de réponses
Votre historique - résultats
Vous n’avez pas pris ce quiz